The MOS memory data book for design engineers

Uloženo v:
Podrobná bibliografie
Korporativní autor: The engineering staff of Texas instruments incorporated
Médium: Kniha
Jazyk:Undetermined
Vydáno: Texas Texas instruments incorporated 1979
Témata:
Tagy: Přidat tag
Žádné tagy, Buďte první, kdo otaguje tento záznam!
Thư viện lưu trữ: Trung tâm Học liệu Trường Đại học Cần Thơ
LEADER 00594nam a2200181Ia 4500
001 CTU_82648
008 210402s9999 xx 000 0 und d
082 |a 620 
082 |b E57 
110 |a The engineering staff of Texas instruments incorporated 
245 4 |a The MOS memory data book for design engineers 
245 4 |c The engineering staff of Texas instruments incorporated 
260 |a Texas 
260 |b Texas instruments incorporated 
260 |c 1979 
650 |a Metal oxide semiconductors 
904 |i QHieu(sửa) 
980 |a Trung tâm Học liệu Trường Đại học Cần Thơ